000 00496nam a2200181Ia 4500
008 191130s2004##################000#0#eng##
020 _a9780406974464
040 _aACL
_cACL
082 _a348.4204 ROS
245 _aThe all England law reports: 2004
_cedited by Graig Rose
260 _aLondon
_bButterworth & Co
_c2004
300 _a1186 p.;23 cm.
650 _aLaw- Reports
700 _aRose, Graig
990 _a86fc3700ac10000c53bc2236763d4472
991 _a442022
999 _c300859
_d300859